The growth process in the computer industry
Сохранить в:
| Главный автор: | |
|---|---|
| Формат: | |
| Язык: | Undetermined |
| Опубликовано: |
University Microfilms International
1970
|
| Предметы: | |
| Метки: |
Добавить метку
Нет меток, Требуется 1-ая метка записи!
|
| Thư viện lưu trữ: | Trung tâm Học liệu Trường Đại học Cần Thơ |
|---|
| LEADER | 00493nam a2200169Ia 4500 | ||
|---|---|---|---|
| 001 | CTU_87169 | ||
| 008 | 210402s9999 xx 000 0 und d | ||
| 082 | |a 338.4 | ||
| 082 | |b G876 | ||
| 100 | |a Angelico A. Groppelli | ||
| 245 | 4 | |a The growth process in the computer industry | |
| 245 | 0 | |c Angelico A. Groppelli | |
| 260 | |b University Microfilms International | ||
| 260 | |c 1970 | ||
| 650 | |a computer industry | ||
| 904 | |i M.Loan | ||
| 980 | |a Trung tâm Học liệu Trường Đại học Cần Thơ | ||